[Event "ARG-ch sf"]
[Site "Vicente Lopez"]
[Date "2016.07.01"]
[Round "8"]
[White "Ravier, Osvaldo"]
[Black "Caro, Esteban"]
[Result "0-1"]
[WhiteElo "1899"]
[BlackElo "2177"]
[PlyCount "104"]
[EventDate "2016.06.25"]
[EventType "swiss"]
[EventRounds "9"]
[EventCountry "ARG"]
[SourceTitle "CBM 173 Extra"]
[Source "ChessBase"]
[SourceDate "2016.08.29"]
[SourceVersion "1"]
[SourceVersionDate "2016.08.29"]
[SourceQuality "1"]

1. e4 c5 2. Nf3 a6 3. d4 cxd4 4. Nxd4 Nf6 5. Nc3 d6 6. Be2 e5 7. Nb3 Be6 8. Bg5 Be7 9. 0-0 Nbd7 10. Kh1 Rc8 11. f4 h6 12. Bxf6 Nxf6 13. fxe5 dxe5 14. Qxd8+ Bxd8 15. Rad1 h5 16. Bd3 Bb6 17. h3 Ng4 18. Rd2 Ne3 19. Re1 g5 20. Nd5 Bxd5 21. exd5 f6 22. Rde2 Nxd5 23. Bf5 Rc7 24. c3 Ne7 25. Bc2 Rd7 26. Nd2 0-0 27. Ne4 Kg7 28. c4 Bd4 29. Rd1 Rc7 30. b3 Kh6 31. Rf1 f5 32. Ng3 h4 33. Ne4 Rd8 34. Nd2 Kg6 35. Nf3 e4 36. Nxd4 Rxd4 37. Kg1 Ng8 38. Kf2 Nf6 39. Rd1 Rxd1 40. Bxd1 Rc8 41. Bc2 Kf7 42. b4 Ke6 43. b5 a5 44. c5 g4 45. Bb3+ Ke5 46. Rc2 f4 47. c6 bxc6 48. bxc6 Rc7 49. hxg4 Nxg4+ 50. Kg1 f3 51. gxf3 exf3 52. Rc4 f2+ 0-1

[Event "ARG-ch sf"]
[Site "Vicente Lopez"]
[Date "2016.06.27"]
[Round "4"]
[White "Llanos, Guillermo"]
[Black "Caro, Esteban"]
[Result "1-0"]
[WhiteElo "2368"]
[BlackElo "2177"]
[PlyCount "109"]
[EventDate "2016.06.25"]
[EventType "swiss"]
[EventRounds "9"]
[EventCountry "ARG"]
[SourceTitle "CBM 173 Extra"]
[Source "ChessBase"]
[SourceDate "2016.08.29"]
[SourceVersion "1"]
[SourceVersionDate "2016.08.29"]
[SourceQuality "1"]

1. e4 c5 2. Nf3 d6 3. c3 a6 4. d4 b6 5. Bd3 Bb7 6. 0-0 e6 7. Re1 Nf6 8. Bg5 Be7 9. Nbd2 Nbd7 10. e5 dxe5 11. dxe5 Nd5 12. Bxe7 Nxe7 13. Qc2 h6 14. Rad1 Qc7 15. a4 0-0 16. Bh7+ Kh8 17. Be4 Bxe4 18. Qxe4 b5 19. axb5 axb5 20. Qd3 Nd5 21. Qxb5 Rfb8 22. Qd3 Rxb2 23. Nc4 Rb3 24. Rc1 Kg8 25. Nfd2 Rbb8 26. g3 N7b6 27. Nd6 Na4 28. c4 Nb4 29. Qe4 f5 30. Qf3 Nc6 31. Nb5 Qb6 32. Rb1 Nb4 33. Nd6 Qc7 34. g4 fxg4 35. Qxg4 Qe7 36. N2e4 Nd3 37. Nf6+ Kf8 38. Qg6 Nxe5 39. Rxb8+ Rxb8 40. Nh7+ Kg8 41. Rxe5 Qxd6 42. Rxe6 Qxe6 43. Qxe6+ Kxh7 44. f4 Rb4 45. Kg2 Rb6 46. Qe4+ Rg6+ 47. Kf3 Nb6 48. h4 Nxc4 49. Qxc4 h5 50. Qxc5 Kh6 51. Qc8 Rg1 52. Qh8+ Kg6 53. Qe8+ Kh6 54. Qh8+ Kg6 55. Qd8 1-0

[Event "ARG-ch sf"]
[Site "Vicente Lopez"]
[Date "2016.06.26"]
[Round "3"]
[White "Caro, Esteban"]
[Black "Slipak, Sergio"]
[Result "1/2-1/2"]
[WhiteElo "2177"]
[BlackElo "2439"]
[PlyCount "23"]
[EventDate "2016.06.25"]
[EventType "swiss"]
[EventRounds "9"]
[EventCountry "ARG"]
[SourceTitle "CBM 173 Extra"]
[Source "ChessBase"]
[SourceDate "2016.08.29"]
[SourceVersion "1"]
[SourceVersionDate "2016.08.29"]
[SourceQuality "1"]

1. e4 c6 2. d3 e5 3. Nf3 d6 4. d4 Nd7 5. Bc4 Be7 6. dxe5 dxe5 7. c3 b5 8. Bb3 h6 9. a4 Ngf6 10. axb5 cxb5 11. Bd5 Rb8 12. Rxa7 1/2-1/2

[Event "Misiones Posadas op"]
[Site "Misiones"]
[Date "2015.10.12"]
[Round "6"]
[White "Caro, Esteban"]
[Black "Almiron, Antonio"]
[Result "1/2-1/2"]
[WhiteElo "2170"]
[BlackElo "2302"]
[PlyCount "48"]
[EventDate "2015.10.10"]
[EventType "swiss"]
[EventRounds "6"]
[EventCountry "ARG"]
[SourceTitle "CBM 168 Extra"]
[Source "ChessBase"]
[SourceDate "2015.10.29"]
[SourceVersion "1"]
[SourceVersionDate "2015.10.29"]
[SourceQuality "1"]

1. e4 c5 2. Nf3 d6 3. d4 cxd4 4. Nxd4 Nf6 5. Nc3 a6 6. Bc4 e6 7. Be3 b5 8. Bb3 Be7 9. f3 0-0 10. Qd2 Bd7 11. g4 b4 12. Nce2 a5 13. g5 Ne8 14. Ng3 Nc6 15. h4 Ne5 16. f4 a4 17. fxe5 axb3 18. Nxb3 Ba4 19. 0-0 Qb8 20. Kg2 dxe5 21. Bc5 Bxc5 22. Nxc5 Nd6 23. Nxa4 Rxa4 24. b3 Ra6 1/2-1/2

[Event "Posadas Anniv CAP 79th"]
[Site "Posadas"]
[Date "2005.08.14"]
[Round "6"]
[White "Ledesma, Hugo"]
[Black "Caro, Esteban"]
[Result "0-1"]
[WhiteElo "2151"]
[BlackElo "2215"]
[PlyCount "82"]
[EventDate "2005.08.11"]
[EventType "swiss"]
[EventRounds "7"]
[EventCountry "ARG"]
[SourceTitle "CBM 107 Extra"]
[Source "ChessBase"]
[SourceDate "2005.09.01"]
[SourceVersion "1"]
[SourceVersionDate "2005.09.01"]
[SourceQuality "1"]

1. e4 c5 2. Nf3 d6 3. d4 cxd4 4. Nxd4 Nf6 5. Nc3 a6 6. Bc4 e6 7. Bb3 Qc7 8. 0-0 Be7 9. Re1 0-0 10. Qf3 Nbd7 11. Qg3 Ne5 12. Kh1 Rd8 13. Bg5 Qc5 14. Be3 Qc7 15. Bg5 Qc5 16. Be3 Qa5 17. f4 Neg4 18. f5 e5 19. Nde2 Nxe3 20. Qxe3 Bd7 21. Nd5 Nxd5 22. Bxd5 Bc6 23. Nc3 h6 24. Qf3 Rf8 25. Qh5 Qd8 26. Re3 Bg5 27. Rg3 Qf6 28. Rf3 Bd2 29. Rg3 Kh7 30. Qd1 Bxc3 31. Rxc3 Rac8 32. Rd3 Bxd5 33. Rxd5 Qh4 34. Qd3 Qf2 35. Rc1 Rfd8 36. b3 b5 37. a3 Rc6 38. Qd2 Qh4 39. Qe3 Rdc8 40. Rd2 Rc3 41. Qe1 Rxc2 0-1

[Event "Posadas"]
[Site "Posadas"]
[Date "2003.10.11"]
[Round "2"]
[White "Caro, Esteban"]
[Black "Jimenez, Joaquin Rodrigo"]
[Result "1/2-1/2"]
[WhiteElo "2217"]
[BlackElo "2222"]
[PlyCount "75"]
[EventDate "2003.10.10"]
[EventType "tourn"]
[EventRounds "7"]
[EventCountry "ARG"]
[SourceTitle "EXT 2004"]
[Source "ChessBase"]
[SourceDate "2003.11.25"]
[SourceVersion "1"]
[SourceVersionDate "2003.11.25"]
[SourceQuality "1"]

1. e4 e5 2. Nf3 Nc6 3. d4 exd4 4. Nxd4 Nf6 5. Nc3 Bb4 6. Nxc6 bxc6 7. Bd3 d5 8. exd5 cxd5 9. 0-0 0-0 10. Bg5 c6 11. Qf3 Bd6 12. Rfe1 Rb8 13. Rab1 h6 14. Bxf6 Qxf6 15. Qxf6 gxf6 16. Ne2 Be5 17. c3 Be6 18. b4 Rfc8 19. Ba6 Re8 20. Nd4 Rb6 21. Bd3 Rc8 22. a4 c5 23. a5 Rbb8 24. Ne2 Rc7 25. Red1 Bd6 26. bxc5 Rxc5 27. a6 Rxb1 28. Rxb1 Bc8 29. Rb5 Rc6 30. Rxd5 Bxa6 31. Nd4 Rb6 32. Bxa6 Rxa6 33. g3 Be5 34. Nb5 Ra1+ 35. Kg2 a6 36. f4 axb5 37. fxe5 fxe5 38. Rxe5 1/2-1/2

[Event "Nordeste-ch"]
[Site "Resistencia"]
[Date "2000.02.26"]
[Round "?"]
[White "Caro, Esteban"]
[Black "Reta, Miguel"]
[Result "1/2-1/2"]
[WhiteElo "2248"]
[BlackElo "2210"]
[PlyCount "70"]
[EventDate "2000.02.28"]
[EventType "tourn"]
[EventRounds "6"]
[EventCountry "ARG"]
[SourceTitle "EXT 2002"]
[Source "ChessBase"]
[SourceDate "2001.11.25"]
[SourceVersion "1"]
[SourceVersionDate "2001.11.25"]
[SourceQuality "1"]

1. e4 c6 2. d4 d5 3. exd5 cxd5 4. Bd3 Nc6 5. c3 Nf6 6. Bg5 Qb6 7. Qb3 Bg4 8. Qxb6 axb6 9. Na3 e6 10. Nb5 Kd7 11. Ne2 Bh5 12. Nf4 Bg6 13. Nxg6 hxg6 14. Bf4 Ne8 15. 0-0 Nd6 16. Rfe1 Nxb5 17. Bxb5 Bd6 18. Be5 Bxe5 19. dxe5 Ke7 20. f4 Rhc8 21. Kf2 Na5 22. Red1 Nc4 23. Bxc4 Rxc4 24. Rd4 Raa4 25. Rxc4 Rxc4 26. Ke3 g5 27. g3 gxf4+ 28. gxf4 g5 29. fxg5 Rg4 30. Re1 Rxg5 31. Kf3 Rh5 32. Re2 f6 33. exf6+ Kxf6 34. Rd2 Kf5 35. Kg3 Rg5+ 1/2-1/2

[Event "Najdorf Memorial op"]
[Site "Buenos Aires"]
[Date "1999.09.21"]
[Round "1"]
[White "Caro, Esteban"]
[Black "Zarnicki, Pablo Adrian"]
[Result "0-1"]
[WhiteElo "2280"]
[BlackElo "2497"]
[PlyCount "54"]
[EventDate "1999.09.21"]
[EventType "swiss"]
[EventRounds "9"]
[EventCountry "ARG"]
[SourceTitle "EXT 2000"]
[Source "ChessBase"]
[SourceDate "1999.11.16"]
[SourceVersion "1"]
[SourceVersionDate "1999.11.16"]
[SourceQuality "1"]

1. e4 c5 2. Nf3 d6 3. d3 g6 4. g3 Bg7 5. Bg2 Nc6 6. 0-0 e5 7. Re1 Nge7 8. Nbd2 0-0 9. Nf1 h6 10. c3 f5 11. b4 f4 12. b5 Na5 13. d4 g5 14. dxc5 dxc5 15. h3 Be6 16. N1h2 Qb6 17. Bf1 Rad8 18. Qa4 Qc7 19. c4 b6 20. Bb2 Ng6 21. Bc3 fxg3 22. fxg3 Nb7 23. Rad1 Nd6 24. Ba1 Qf7 25. Rc1 h5 26. Nxg5 Qf2+ 27. Kh1 Qxg3 0-1

[Event "Najdorf Memorial op"]
[Site "Buenos Aires"]
[Date "1999.??.??"]
[Round "4"]
[White "Fernandez Murga, Roberto"]
[Black "Caro, Esteban"]
[Result "1/2-1/2"]
[WhiteElo "2241"]
[BlackElo "2280"]
[PlyCount "62"]
[EventDate "1999.09.21"]
[EventType "swiss"]
[EventRounds "9"]
[EventCountry "ARG"]
[SourceTitle "EXT 2001"]
[Source "ChessBase"]
[SourceDate "2000.11.22"]
[SourceVersion "1"]
[SourceVersionDate "2000.11.22"]
[SourceQuality "1"]

1. d4 Nf6 2. c4 g6 3. Nc3 Bg7 4. e4 d6 5. Be2 0-0 6. Nf3 e5 7. dxe5 dxe5 8. Qxd8 Rxd8 9. Bg5 Re8 10. Nd5 Nxd5 11. cxd5 h6 12. Be3 f5 13. Nd2 fxe4 14. Nxe4 c6 15. Bc4 Kh7 16. h4 cxd5 17. Bxd5 Nc6 18. Ng5+ Kh8 19. h5 Nb4 20. Bb3 Nd3+ 21. Kf1 gxh5 22. Nf7+ Kh7 23. Bc2 e4 24. Nd6 Rd8 25. Nxe4 Bf5 26. Ng3 Bg6 27. Nxh5 Bxb2 28. Rd1 Rac8 29. Bb1 Bc1 30. Ke2 Bxe3 31. fxe3 Rc3 1/2-1/2